00330nam a2200121Ia 4500008004100000082001400041100001400055245003400069260003100103365000600134630003400140730003400174100415s9999 xx 000 0 und d b5627a954 aBevan,M.H aThirthy Years In India Vol. 1 aLONDONc1862bPELHAM BOOKS b0 aThirthy Years In India Vol. 1 aThirthy Years In India Vol. 1